000 00572nam a2200193 a 4500
001 ASINB00E08P648
005 20170105102925.0
008 131211s2012 xxu eng d
040 _a0
082 _a324.209549
_bMUH 2012
100 1 _aMuhammad, Hasan.
245 1 0 _aGeneral elections in pakistan /
_cHasan Muhammad.
260 _a[S.l.] :
_bKhalid Sharif Mavra,
_c2012.
300 _a1 v. (unpaged)
490 1 _a1947-2012.
830 0 _a1947-2012.
856 4 0 _3Amazon.com
_uhttp://www.amazon.com/exec/obidos/ASIN/B00E08P648/chopaconline-20
942 _2ddc
_cBK
999 _c15795
_d15795